Censo español executado de Orden del Rey, comunicada por el... Conde de Floridablanca... en el año de 1787. (Record no. 153057)

MARC details
000 -LEADER
campo de control de longitud fija 01136nam a2200265 i 4500
001 - NÚMERO DE CONTROL
campo de control 153057
003 - IDENTIFICADOR DE NÚMERO DE CONTROL
campo de control ES-MaACL
005 - FECHA Y HORA DE LA ÚLTIMA TRANSACCIÓN
campo de control 20250603171456.0
008 - DATOS DE LONGITUD FIJA--INFORMACIÓN GENERAL
campo de control de longitud fija 931025s1787 sp |||| | spa d
080 ## - NÚMERO DE LA CLASIFICACIÓN DECIMAL UNIVERSAL
Número de la Clasificación Decimal Universal 312(460)"1787"
245 00 - MENCIÓN DEL TÍTULO
Título Censo español executado de Orden del Rey, comunicada por el... Conde de Floridablanca... en el año de 1787.
260 ## - PUBLICACIÓN, DISTRIBUCIÓN, ETC.
Lugar de publicación, distribución, etc. [Madrid] :
Nombre del editor, distribuidor, etc. en la Imprenta Real,
Fecha de publicación, distribución, etc. [1787?]
300 ## - DESCRIPCIÓN FÍSICA
Extensión [4], [6], XLIII h. ;
Dimensiones Fol.
530 ## - NOTA DISPONIBLE DE FORMULARIO FÍSICO ADICIONAL
Nota de formato físico adicional disponible Disponible en formato digital.
597 ## - NOTA DE DESCRIPCIÓN FÍSICA
NOTA DE DESCRIPCIÓN FÍSICA Sin signaturizar.
597 ## - NOTA DE DESCRIPCIÓN FÍSICA
NOTA DE DESCRIPCIÓN FÍSICA Error tip. de fol., en h. XVIII consta XIX.
597 ## - NOTA DE DESCRIPCIÓN FÍSICA
NOTA DE DESCRIPCIÓN FÍSICA Las [6] y XLIII h. impresas por una sola cara, hasta h. XXXV son dobles.
597 ## - NOTA DE DESCRIPCIÓN FÍSICA
NOTA DE DESCRIPCIÓN FÍSICA Port. con esc. xil. real
651 #7 - PUNTO DE ACCESO ADICIONAL DE MATERIA--NOMBRE GEOGRÁFICO
Nombre geográfico España-
Subdivisión general Censos
Fuente del encabezamiento o término
9 (RLIN) 155755
700 1# - ENTRADA AGREGADA--NOMBRE PERSONAL
Nombre de persona Floridablanca, José Moñino
Títulos y otros términos asociados al nombre , Conde de.
9 (RLIN) 51333
852 4# - LOCALIZACIÓN
Ubicación ES-MaACL
Número de control de estantería R-2064
Nota libre - Enc. piel marrón con hierros
Encuadernación - Olim: G-2230.
852 4# - LOCALIZACIÓN
Ubicación ES-MaACL
Número de control de estantería R-2065
Nota libre - Enc. piel marrón con hierros
Encuadernación - Olim: C-12382.
856 4# - LOCALIZACIÓN Y ACCESO ELECTRÓNICOS
Identificador Uniforme de Recursos <a href="http://bdh-rd.bne.es/viewer.vm?id=0000046020&page=1 ">http://bdh-rd.bne.es/viewer.vm?id=0000046020&page=1 </a>
Nota pública Biblioteca Digital Hispánica
Holdings
Estatus retirado Estado de pérdida Estado de daño No para préstamo Colección Biblioteca de origen Biblioteca actual Ubicación en estantería Fecha de adquisición Total de préstamos Signatura topográfica completa Código de barras Visto por última vez Precio de reemplazo Tipo de ítem Koha
        Colección digital Biblioteca del Ateneo de Madrid Biblioteca del Ateneo de Madrid Depósito 17/01/2008   R-2064 R-2065 1159905 23/02/2023 23/02/2023 Libro impreso antiguo
        Colección digital Biblioteca del Ateneo de Madrid Biblioteca del Ateneo de Madrid Depósito 17/01/2008   R-2065 R-2064 1159904 23/02/2023 23/02/2023 Libro impreso antiguo